| 000 | 00367nam a22001337a 4500 | ||
|---|---|---|---|
| 020 | _a0-383-21801-9 | ||
| 082 | _a621.4023 GOD'C | ||
| 100 |
_aGOODGER, E. M _976040 |
||
| 245 | _aCOMBUSTION CALCULATIONS THEORY WORKED EXAMPLES AND PROBLEMS | ||
| 260 |
_aLONDON _bMACMILLAN _c1977 |
||
| 300 | _a105P | ||
| 650 |
_aCALCULATIONS-THEORY AND PROBLEMS _976041 |
||
| 942 | _cBK | ||
| 999 |
_c581441 _d581441 |
||